000 00674nam a2200181Ia 4500
005 20250423094550.0
008 250422s9999 xx 000 0 und d
020 _a9780439724135
050 _aPZ 7 .A48/
100 _aAlvarez, Julia.
245 0 _aBefore we were free
260 _aNew York
260 _bHoughton Mifflin Harcourt Publishing
260 _c2002
300 _a175 p
650 _aTrujillo Molina, Rafael Leónidas, 1891-1961--Fiction. Family life--Dominican Republic--Fiction. Revolutions--Fiction. Dominican Republic--History--1930-1961--Juvenile fiction. Dominican Republic--History--1930-1961--Fiction. Dominican Republic--Fiction.
942 _cBK
999 _c27622
_d27622